| 000 | 01654nam a2200469 i 4500 | ||
|---|---|---|---|
| 001 | 30106 | ||
| 003 | KOSZ 005 | ||
| 005 | 20200723094642.0 | ||
| 008 | 970513s1992 pl f |001 0 pol | ||
| 015 | _aUWD 1992/4080 | ||
| 020 | _a8320808472 | ||
| 035 | _a991001315749705066 | ||
| 035 | _a(PL-WaBN)b10382367-48omnis_nlop | ||
| 035 | _ab10382367 | ||
| 035 | _a(OCoLC)751214662 | ||
| 035 | _a(PL)b0000001038236 | ||
| 035 | _a(EXLNZ-48OMNIS_NETWORK)9910311677405606 | ||
| 040 |
_aWA N _cWA N _dKOSZ 005/EG |
||
| 041 | 1 |
_apol _heng |
|
| 080 | _a330.8 | ||
| 100 | 1 |
_aGalbraith, John Kenneth _d(1908-2006) _eAutor |
|
| 245 | 1 | 0 |
_aEkonomia w perspektywie : _bkrytyka historyczna / _cJohn Kenneth Galbraith ; przekł. [z ang.] Wiesława i Stanisław Rączkowscy. |
| 246 | 1 |
_iTyt. oryg.: _aEconomics in perspective, _f1987 |
|
| 260 |
_aWarszawa : _bPańst. Wydaw. Ekonomiczne, _c1992. |
||
| 300 |
_a318, [2] s. ; _c21 cm. |
||
| 336 |
_aTekst _btxt _2rdacontent |
||
| 337 |
_aBez urządzenia pośredniczącego _bn _2rdamedia |
||
| 338 |
_aWolumin _bnc _2rdacarrier |
||
| 380 | _aKsiążki | ||
| 388 | _a1901-2000 | ||
| 388 | _a1989-2000 | ||
| 504 | _aIndeks. | ||
| 650 | 7 |
_aEkonomia _2DBN |
|
| 650 | 7 |
_aHistoria _2DBN |
|
| 658 | _aGospodarka, ekonomia, finanse | ||
| 700 | 1 |
_aRączkowska, Wiesława _eTłumaczenie |
|
| 700 | 1 |
_aRączkowski, Stanisław _d(1912-2006) _eTłumaczenie |
|
| 710 | 2 |
_aPaństwowe Wydawnictwo Ekonomiczne _4pbl |
|
| 856 |
_uhttp://koha.tu.koszalin.pl/cgi-bin/koha/opac-detail.pl?biblionumber=30106 _yKatalog online BPK |
||
| 942 |
_2UKD _cKS |
||
| 999 |
_c30106 _d30106 |
||